000 00657nam a2200241 i 4500
001 C2-0167888
003 PPAK
005 20180727133742.0
008 980712s1988 enka|||| ||||| | eng d
020 _a0906286921
040 _aPPAK
_beng
_cPPAK
_erda
082 0 4 _a751.45
_223
090 0 0 _a751.45
_bHOW
_dR
245 0 0 _aHow to paint in oils
250 _aSmith, Stan
264 1 _aLondon :
_bNew Burlington Books ,
_c1988
300 _a69 pages :
_bcolour illustrations ;
_c28 cm
336 _2rdacontent
_atext
337 _2rdamedia
_aunmediated
338 _2rdacarrier
_avolume
650 1 0 _aWater-color painting - Technique
942 _ddc
_cB
999 _c49657
_d49657